Statystyki dla 15 krajów o największej liczbie zgonów Covid19 - 4 sierpnia 2021

Kliknij tutaj aby rozwiązać quiz!

Ogólne statystyki

  • Ten quiz został rozwiązany 19 razy
  • Średni wynik to 11 z 25

Statystyki odpowiedzi

kraj% Poprawnych
Stany Zjednoczone
94%
Brazylia
82%
Niemcy
82%
Rosja
82%
Francja
76%
Hiszpania
76%
Włochy
76%
Indie
59%
Argentyna
53%
Wielka Brytania
47%
Indonezja
41%
Meksyk
41%
Belgia
35%
Czechy
29%
Iran
29%
Peru
29%
Słowacja
29%
Kolumbia
24%
Słowenia
24%
Węgry
24%
Bułgaria
18%
Bośnia i Hercegowina
12%
Chorwacja
12%
Macedonia Północna
6%
Paragwaj
6%

Rozkład punktacji

Percentyl według liczby udzielonych odpowiedzi

Procent ludzi z każdym wynikiem

Twoja historia wyników

Nie rozwiązałeś tego quizu